[Event "Binhai Cup-A 4th"]
[White "Jiang, Qinyu"]
[Black "Dong, Hongfu"]
[Site "Binhai"]
[Round "5"]
[Result "0-1"]
[Date "2024.08.20"]
[WhiteElo "2317"]
[BlackElo "2085"]
[PlyCount "60"]
[EventDate "2024.08.18"]
[EventType "swiss"]
[EventRounds "9"]
[EventCountry "CHN"]
[SourceTitle "CBM 221 Extra"]
[Source "ChessBase"]
[SourceDate "2024.09.30"]
[SourceVersion "1"]
[SourceVersionDate "2024.09.30"]
[SourceQuality "1"]

1. e4 c5 2. Nf3 d6 3. d4 cxd4 4. Nxd4 Nf6 5. Nc3 g6 6. Be3 Bg7 7. f3 0-0 8. Qd2 Nc6 9. 0-0-0 d5 10. exd5 Nxd5 11. Nxc6 bxc6 12. Bd4 Bxd4 13. Qxd4 Qb6 14. Na4 Qc7 15. g3 Rd8 16. Bc4 Bh3 17. Nc5 Bg2 18. Rhg1 Bxf3 19. Rdf1 Nf6 20. Bxf7+ Kxf7 21. Qh4 Qa5 22. Nd3 Qxa2 23. Rxf3 Qa1+ 24. Kd2 Qxg1 25. Qxh7+ Ke6 26. Qh3+ Kd6 27. Re3 Nd5 28. Qe6+ Kc7 29. Qe5+ Rd6 30. Re2 Rad8 0-1

[Event "Binhai Cup-A 4th"]
[White "Dong, Hongfu"]
[Black "Galperin, Platon"]
[Site "Binhai"]
[Round "3"]
[Result "0-1"]
[Date "2024.08.19"]
[WhiteElo "2085"]
[BlackElo "2526"]
[PlyCount "76"]
[EventDate "2024.08.18"]
[EventType "swiss"]
[EventRounds "9"]
[EventCountry "CHN"]
[SourceTitle "CBM 221 Extra"]
[Source "ChessBase"]
[SourceDate "2024.09.30"]
[SourceVersion "1"]
[SourceVersionDate "2024.09.30"]
[SourceQuality "1"]

1. d4 Nf6 2. c4 e6 3. Nf3 d5 4. g3 Nc6 5. Bg2 Rb8 6. b3 Bb4+ 7. Bd2 dxc4 8. bxc4 Bxd2+ 9. Qxd2 0-0 10. 0-0 b6 11. Rc1 Qe7 12. Qf4 Re8 13. Nc3 Bb7 14. Ne5 Nxe5 15. dxe5 Nd7 16. Bxb7 Rxb7 17. Rd1 Rbb8 18. h4 Rbd8 19. h5 h6 20. Ne4 Nc5 21. Nxc5 Qxc5 22. Qe4 b5 23. cxb5 Qxb5 24. Rab1 Qa5 25. a4 Rd5 26. Rxd5 exd5 27. Qd4 c6 28. Rc1 Re6 29. e3 Qa6 30. Kg2 Qe2 31. Qxa7 Qxh5 32. Qb8+ Kh7 33. a5 Rxe5 34. a6 Rf5 35. Qb2 Qf3+ 36. Kf1 Qh1+ 37. Ke2 Rxf2+ 38. Kxf2 Qh2+ 0-1

[Event "CHN-chT"]
[White "Gong, Sunle"]
[Black "Dong, Hongfu"]
[Site "Qingdao"]
[Round "2.3"]
[Result "1-0"]
[Date "2024.04.03"]
[WhiteElo "2117"]
[BlackElo "1882"]
[PlyCount "57"]
[EventDate "2024.04.02"]
[EventType "team-swiss"]
[EventRounds "9"]
[EventCountry "CHN"]
[SourceTitle "CBM 219 Extra"]
[Source "ChessBase"]
[SourceDate "2024.05.31"]
[SourceVersion "1"]
[SourceVersionDate "2024.05.31"]
[SourceQuality "1"]
[WhiteTeam "Shanghai"]
[BlackTeam "Chongqing"]
[WhiteTeamCountry "CHN"]
[BlackTeamCountry "CHN"]

1. d4 Nf6 2. c4 e6 3. Nc3 Bb4 4. Qc2 0-0 5. e4 d5 6. e5 Ne4 7. Bd3 c5 8. Nf3 cxd4 9. Nxd4 Nd7 10. Bf4 Qh4 11. g3 Qh5 12. 0-0 g5 13. cxd5 gxf4 14. dxe6 fxe6 15. Nxe4 Nxe5 16. gxf4 Rxf4 17. Kh1 Nf3 18. Rg1+ Kf8 19. Rg2 Nxd4 20. Qc7 Rxe4 21. Qd8+ Kf7 22. Bxe4 Nf5 23. Rc1 Ba5 24. Qg8+ Ke7 25. Rxc8 Rxc8 26. Qxc8 Qe2 27. Qxb7+ Kd6 28. Qc6+ Ke5 29. f4+ 1-0

[Event "CHN-ch U14"]
[White "Dong, Hongfu"]
[Black "Wang, Yinuo"]
[Site "Shanghai"]
[Round "11"]
[Result "1-0"]
[Date "2024.02.21"]
[WhiteElo "1822"]
[BlackElo "1560"]
[PlyCount "59"]
[EventDate "2024.02.16"]
[EventType "swiss"]
[EventRounds "11"]
[EventCountry "CHN"]
[SourceTitle "CBM 218 Extra"]
[Source "ChessBase"]
[SourceDate "2024.03.31"]
[SourceVersion "1"]
[SourceVersionDate "2024.03.31"]
[SourceQuality "1"]

1. d4 Nf6 2. c4 e6 3. g3 d5 4. Bg2 dxc4 5. Nf3 c5 6. 0-0 Nc6 7. dxc5 Qxd1 8. Rxd1 Bxc5 9. Nbd2 c3 10. bxc3 0-0 11. Nb3 Be7 12. Nfd4 Bd7 13. Be3 a6 14. Nxc6 Bxc6 15. Bxc6 bxc6 16. Na5 Rfc8 17. Rab1 Nd5 18. Bd2 c5 19. Rb7 Bd8 20. Nc4 Bf6 21. Rc1 Rcb8 22. Rxb8+ Rxb8 23. e4 Nc7 24. Bf4 Rb7 25. Na5 Ra7 26. Rb1 Ne8 27. Rb8 Kf8 28. Nb7 g5 29. Bc7 Bxc3 30. Bb6 1-0

[Event "CHN-ch U14"]
[White "Dong, Hongfu"]
[Black "Zhang, Enming"]
[Site "Shanghai"]
[Round "9"]
[Result "1-0"]
[Date "2024.02.20"]
[WhiteElo "1822"]
[BlackElo "1468"]
[PlyCount "55"]
[EventDate "2024.02.16"]
[EventType "swiss"]
[EventRounds "11"]
[EventCountry "CHN"]
[SourceTitle "CBM 218 Extra"]
[Source "ChessBase"]
[SourceDate "2024.03.31"]
[SourceVersion "1"]
[SourceVersionDate "2024.03.31"]
[SourceQuality "1"]

1. d4 d6 2. e4 Nf6 3. f3 g6 4. c4 Bg7 5. Nc3 0-0 6. Be3 Nc6 7. Qd2 e5 8. Nge2 exd4 9. Nxd4 Nxd4 10. Bxd4 Bd7 11. 0-0-0 a6 12. h4 b5 13. h5 Be6 14. Nd5 Bxd5 15. cxd5 c5 16. dxc6 Rc8 17. Kb1 Rxc6 18. Bd3 Qe7 19. hxg6 fxg6 20. Bc2 Rfc8 21. Bb3+ Kf8 22. Rde1 Nh5 23. g4 Bxd4 24. Qxd4 Ng7 25. Qd5 Qf6 26. g5 Qe6 27. Qxe6 Nxe6 28. Bxe6 1-0

[Event "CHN-ch U14"]
[White "Wang, Zihao2"]
[Black "Dong, Hongfu"]
[Site "Shanghai"]
[Round "2"]
[Result "0-1"]
[Date "2024.02.16"]
[WhiteElo "1351"]
[BlackElo "1822"]
[PlyCount "84"]
[EventDate "2024.02.16"]
[EventType "swiss"]
[EventRounds "11"]
[EventCountry "CHN"]
[SourceTitle "CBM 218 Extra"]
[Source "ChessBase"]
[SourceDate "2024.03.31"]
[SourceVersion "1"]
[SourceVersionDate "2024.03.31"]
[SourceQuality "1"]

1. e4 c5 2. Nf3 d6 3. d4 cxd4 4. Nxd4 Nf6 5. Nc3 g6 6. Be2 Bg7 7. Be3 0-0 8. 0-0 Nc6 9. Qd2 d5 10. exd5 Nxd5 11. Nxd5 Nxd4 12. Bxd4 Qxd5 13. c3 Bxd4 14. Qxd4 Qxd4 15. cxd4 Rd8 16. Rfd1 Be6 17. Rac1 Rac8 18. Rc3 Rxc3 19. bxc3 Rc8 20. d5 Bf5 21. c4 Rc5 22. f3 Kf8 23. Kf2 b6 24. Rd2 Ra5 25. Rb2 e5 26. g4 Bc8 27. h4 Ke7 28. Rc2 Kd6 29. Rd2 Ra3 30. Rb2 Bd7 31. Ke1 Kc5 32. Rc2 f6 33. Kf2 Ba4 34. Rd2 Kd6 35. h5 gxh5 36. gxh5 h6 37. Kg3 Rc3 38. Bf1 Be8 39. Rh2 f5 40. Be2 Rc2 41. Bd3 f4+ 42. Kg4 Rxh2 0-1

[Event "CHN-ch U14"]
[White "Dong, Hongfu"]
[Black "Lin, Shuhan"]
[Site "Shenzhen"]
[Round "5"]
[Result "1-0"]
[Date "2023.07.30"]
[WhiteElo "1851"]
[BlackElo "1180"]
[PlyCount "51"]
[EventDate "2023.07.28"]
[EventType "swiss"]
[EventRounds "11"]
[EventCountry "CHN"]
[SourceTitle "CBM 215 Extra"]
[Source "ChessBase"]
[SourceDate "2023.09.30"]
[SourceVersion "1"]
[SourceVersionDate "2023.09.30"]
[SourceQuality "1"]

1. d4 d5 2. c4 dxc4 3. Nf3 Nf6 4. e3 a6 5. a4 Be6 6. Nc3 Nc6 7. a5 Bd5 8. Nd2 Qd7 9. e4 Nxe4 10. Ndxe4 Bxe4 11. Nxe4 Qe6 12. f3 0-0-0 13. Qa4 f5 14. Bxc4 Qg6 15. Ng5 e5 16. 0-0 Nxd4 17. Kh1 Bc5 18. f4 e4 19. Be3 Rhf8 20. Rad1 Kb8 21. Bxd4 Bxd4 22. Ne6 c5 23. Nxf8 Rxf8 24. Qb3 Rf6 25. Be2 Rd6 26. Qa3 1-0

[Event "CHN-ch sf"]
[White "Dong, Hongfu"]
[Black "Gong, Sunle"]
[Site "Hefei"]
[Round "5"]
[Result "0-1"]
[Date "2023.04.25"]
[WhiteElo "1699"]
[BlackElo "1949"]
[PlyCount "110"]
[EventDate "2023.04.23"]
[EventType "swiss"]
[EventRounds "11"]
[EventCountry "CHN"]
[SourceTitle "CBM 214 Extra"]
[Source "ChessBase"]
[SourceDate "2023.07.31"]
[SourceVersion "1"]
[SourceVersionDate "2023.07.31"]
[SourceQuality "1"]

1. d4 d5 2. c4 e6 3. Nc3 c6 4. e4 dxe4 5. Nxe4 Bb4+ 6. Bd2 Qxd4 7. Bxb4 Qxe4+ 8. Be2 Na6 9. Ba5 b6 10. Qd6 Bd7 11. Bc3 f6 12. 0-0-0 0-0-0 13. Bf3 Qxc4 14. Qa3 Nc5 15. Qxa7 Qa6 16. Qxa6+ Nxa6 17. Ne2 e5 18. Ng3 Ne7 19. h4 Nc7 20. h5 h6 21. Rhe1 Nb5 22. Bd2 Be6 23. Be3 Kc7 24. Kb1 Bd5 25. Bxd5 Nxd5 26. Nf5 Rd7 27. Rc1 Nd6 28. Nh4 Ra8 29. Red1 Kb7 30. b3 Ne4 31. Rd3 Rad8 32. Nf5 b5 33. a3 Nd6 34. Nh4 Ra8 35. Kb2 b4 36. a4 Rad8 37. g4 Ne4 38. Rc4 Nd6 39. Rc1 Nc3 40. Kc2 Ka6 41. Re1 Ka5 42. Bc5 Nc4 43. Rxd7 Na3+ 44. Kc1 Rxd7 45. Be3 c5 46. Nf3 c4 47. Nd2 Rc7 48. Kb2 cxb3 49. Kxb3 Nxa4 50. Ne4 Nc2 51. Rc1 Nd4+ 52. Ka2 b3+ 53. Kb1 Nc2 54. Bd2+ Kb6 55. Be3+ Ka6 0-1

[Event "China zt 3.5"]
[White "Jin, Yueheng"]
[Black "Dong, Hongfu"]
[Site "Shaoxing"]
[Round "8"]
[Result "1-0"]
[Date "2021.05.30"]
[WhiteElo "1927"]
[BlackElo "1737"]
[PlyCount "123"]
[EventDate "2021.05.23"]
[EventType "swiss"]
[EventRounds "9"]
[EventCountry "CHN"]
[SourceTitle "CBM 202 Extra"]
[Source "ChessBase"]
[SourceDate "2021.07.31"]
[SourceVersion "1"]
[SourceVersionDate "2021.07.31"]
[SourceQuality "1"]

1. d4 d5 2. c4 e6 3. Nc3 a6 4. cxd5 exd5 5. Nf3 Nf6 6. Bg5 Be6 7. e3 Nbd7 8. Bd3 Bd6 9. Qc2 c6 10. Rb1 Qc7 11. b4 0-0 12. Bh4 Bg4 13. Bg3 Rfe8 14. 0-0 Bxg3 15. hxg3 Qd6 16. a4 b5 17. a5 Bh5 18. Ne2 Bg6 19. Bxg6 hxg6 20. Rfc1 Rac8 21. Nf4 Ne4 22. Nd3 f6 23. Nd2 f5 24. Nf3 g5 25. Nfe5 Nxe5 26. Nxe5 Re6 27. g4 f4 28. exf4 gxf4 29. Rb3 Rh6 30. g5 Rh5 31. g6 Rc7 32. Qe2 Rh4 33. Rc2 Qe6 34. Rb1 Ng5 35. Rbc1 f3 36. Qe3 fxg2 37. Kxg2 Nh3 38. Kg3 Re4 39. Qd2 Nf4 40. Qxf4 Rxf4 41. Kxf4 Qf6+ 42. Kg4 Qe6+ 43. Kf4 Qf6+ 44. Kg4 Qe6+ 45. Kg3 Qf5 46. f4 Kf8 47. Rxc6 Rxc6 48. Rxc6 Qb1 49. Kg4 Qh1 50. Rc3 Qe4 51. Kg5 Ke7 52. Rc7+ Ke6 53. Rf7 Qxd4 54. Re7+ Kd6 55. Rd7+ Ke6 56. Re7+ Kd6 57. Rxg7 Ke6 58. Re7+ Kd6 59. Rd7+ Ke6 60. Re7+ Kd6 61. g7 Qg1+ 62. Kf6 1-0

[Event "China zt 3.5"]
[White "Chen, Zhi"]
[Black "Dong, Hongfu"]
[Site "Shaoxing"]
[Round "4"]
[Result "1-0"]
[Date "2021.05.26"]
[WhiteElo "1687"]
[BlackElo "1737"]
[PlyCount "157"]
[EventDate "2021.05.23"]
[EventType "swiss"]
[EventRounds "9"]
[EventCountry "CHN"]
[SourceTitle "CBM 202 Extra"]
[Source "ChessBase"]
[SourceDate "2021.07.31"]
[SourceVersion "1"]
[SourceVersionDate "2021.07.31"]
[SourceQuality "1"]

1. e4 c6 2. d4 d5 3. Nc3 dxe4 4. Nxe4 Bf5 5. Ng3 Bg6 6. Nf3 Nd7 7. Bd3 Bxd3 8. Qxd3 Ngf6 9. 0-0 Qc7 10. c3 e6 11. Qc2 Bd6 12. Bg5 0-0 13. Rfe1 h6 14. Bxf6 Nxf6 15. Ne4 Be7 16. Nxf6+ Bxf6 17. Qb3 Rab8 18. Rad1 Rfd8 19. Nd2 g6 20. h3 Bg7 21. Ne4 Kh7 22. Re3 b6 23. Red3 Rd7 24. Qc2 Rbd8 25. Qe2 Rd5 26. Qf3 f5 27. Ng3 Qd7 28. Ne2 e5 29. Qg3 e4 30. R3d2 c5 31. Nf4 Rd6 32. d5 Be5 33. Qe3 Bxf4 34. Qxf4 g5 35. Qe3 Re8 36. f4 exf3 37. Qxf3 Re4 38. b3 b5 39. Qf2 g4 40. hxg4 Rxg4 41. Qxc5 f4 42. Qd4 Rdg6 43. Qe4 Qd6 44. Re2 Kh8 45. Qd4+ Kh7 46. Qe4 Kh8 47. Rd4 Qc5 48. Qe5+ Rg7 49. Qe8+ Rg8 50. Qc6 Qf8 51. Rf2 R4g6 52. d6 Rf6 53. Rd3 Rgg6 54. Qe4 Rxd6 55. Rxf4 Rdf6 56. Rxf6 Rxf6 57. Qe5 Kg8 58. Rg3+ Kh7 59. Qxb5 Qe7 60. Qd3+ Kh8 61. Re3 Re6 62. Qd4+ Kh7 63. Rxe6 Qxe6 64. Qxa7+ Kh8 65. Qd4+ Kh7 66. c4 Qe1+ 67. Kh2 Qe2 68. a4 h5 69. a5 Qe1 70. a6 h4 71. Qf4 h3 72. Qf5+ Kg7 73. Qxh3 Qa5 74. Qd7+ Kg6 75. Qd6+ Kg7 76. c5 Kf7 77. Qd7+ Kf6 78. a7 Kg5 79. Qd5+ 1-0

[Event "China zt 3.5"]
[White "Ma, Ling"]
[Black "Dong, Hongfu"]
[Site "Shaoxing"]
[Round "2"]
[Result "1-0"]
[Date "2021.05.24"]
[WhiteElo "2184"]
[BlackElo "1737"]
[PlyCount "123"]
[EventDate "2021.05.23"]
[EventType "swiss"]
[EventRounds "9"]
[EventCountry "CHN"]
[SourceTitle "CBM 202 Extra"]
[Source "ChessBase"]
[SourceDate "2021.07.31"]
[SourceVersion "1"]
[SourceVersionDate "2021.07.31"]
[SourceQuality "1"]

1. d4 d5 2. c4 e6 3. Nc3 a6 4. cxd5 exd5 5. Nf3 Nf6 6. Bg5 Be6 7. e3 Nbd7 8. Bd3 c6 9. 0-0 h6 10. Bh4 Bd6 11. Rc1 0-0 12. Bb1 Re8 13. a3 Qc7 14. b4 Bg4 15. h3 Bh5 16. g4 Nxg4 17. hxg4 Bxg4 18. Kh1 Nb6 19. Rg1 f5 20. Rxg4 fxg4 21. Nd2 g3 22. Qc2 g5 23. Qg6+ Qg7 24. Qxd6 gxh4 25. Rg1 Qg4 26. Rg2 Rad8 27. Qxh6 Rd7 28. Qg6+ Qxg6 29. Bxg6 Rf8 30. fxg3 h3 31. Re2 Rg7 32. Bh5 Rxg3 33. Kh2 Rg5 34. Bf3 Rgf5 35. Bg4 Rg5 36. Bxh3 Kh8 37. Rg2 Rh5 38. Kg3 Rg5+ 39. Kh2 Rh5 40. Ne2 Re8 41. Nf4 Rh6 42. Rg3 Rf6 43. Kg1 Nc4 44. Nxc4 dxc4 45. Bf1 b5 46. Ng6+ Rxg6 47. Rxg6 Rxe3 48. Rh6+ Kg7 49. Rh3 Re4 50. Bg2 Rxd4 51. Bxc6 Rd6 52. Bb7 Kg6 53. Rf3 Kg5 54. Kf2 Rb6 55. Be4 Kg4 56. Ke3 Rd6 57. Rf1 Kg5 58. Rg1+ Kh6 59. Rh1+ Kg5 60. Rg1+ Kh6 61. Kf4 c3 62. Rg3 1-0